Literary criticism in Tamil and sanskrit (Record no. 82043)

MARC details
000 -LEADER
fixed length control field 00394nam a2200145Ia 4500
008 - FIXED-LENGTH DATA ELEMENTS--GENERAL INFORMATION
fixed length control field 230917s9999||||xx |||||||||||||| ||und||
040 ## - CATALOGING SOURCE
-- 106521
Original cataloging agency VIVEKANANDA LIBRARY
041 ## - Language
-- English
082 ## - DDC NUMBER
Classification number 891.2109 M471L
100 ## - MAIN ENTRY--PERSONAL NAME
Personal name Meenakshi, K.
245 #0 - TITLE STATEMENT
Title Literary criticism in Tamil and sanskrit
260 ## - PUBLICATION, DISTRIBUTION, ETC. (IMPRINT)
Place of publication, distribution, etc Chennai
Name of publisher, distributor, etc International Institute of Tamil Studies
Date of publication, distribution, etc 1999
300 ## - PHYSICAL DESCRIPTION
Pages 142p p.
942 ## - ADDED ENTRY ELEMENTS (KOHA)
Koha item type Books
Holdings
Withdrawn status Lost status Damaged status Not for loan Location (home branch) Sublocation or collection (holding branch) Date acquired Koha issues (times borrowed) Koha full call number Accession No. Koha date last seen Koha item type
        VIVEKANANDA LIBRARY VIVEKANANDA LIBRARY 23/06/2005   891.2109 M471L 158868 17/09/2023 Books
© Designed and Maintained by Vivekananda Library, MDU Rohtak